15 Famous People from Jamaica - Statistics

General Stats
  • This quiz has been taken 73 times
  • The average score is 5 of 15
Answer Stats
Hint Answer % Correct
World record holder in the 100 metres, 200 metres, and 4 × 100 metres relay Usain Bolt
97%
Singer, songwriter, and musician. Considered one of the pioneers of reggae Bob Marley
95%
Musician who has been featured in singles Baby Boy with Beyoncé and Cheap Thrills by Sia Sean Paul
35%
Sprinter who specialises in the 100 metres Asafa Powell
33%
Basketball player who played most of his career or the New York Knicks Patrick Ewing
30%
Model and actress who stared as Zula in Conan the Destroyer Grace Jones
29%
Reggae and soul musician famous for his covers of Wild World and I Can See Clearly Now Jimmy Cliff
29%
Widely regarded as one of the greatest female sprinters of all time. Shelly-Ann Fraser-Pryce
24%
Civil rights activist who was a strong supporter of Black Nationalism and Pan-Africanism movements Marcus Garvey
23%
Female sprinter who represented Jamaica since 1978, and later Slovenia from 2002 to 2012 Merlene Ottey
23%
The Grammy Award winner who soared to international fame with the track Mr. Loverman Shabba Ranks
20%
Reggae artist who rose to prominence in 1994 with the signature song Here Comes the Hotstepper Ini Kamoze
15%
Jamaican-American pop star who popularized the Trinbagonian Caribbean musical style in the 1950s Harry Belafonte
12%
Singer best known for her hit 1995 single Shy Guy and her remake of I Say a Little Prayer Diana King
11%
Jamaican-British singer and one of the original singers with the vocal group Boney M Marcia Barrett
2%
No matching quizzes found
Score Distribution
Percent of People with Each Score
Percentile by Number Answered
Your Score History
You have not taken this quiz